| 000 | 00558nam a2200193Ia 4500 | ||
|---|---|---|---|
| 005 | 20230710163643.0 | ||
| 008 | 210716s2012 xx 000 0 und d | ||
| 020 | _a9788131760314 | ||
| 040 | _cAIMIT LIBRARY | ||
| 041 | _aeng | ||
| 082 |
_a005.133 _22 _bKAMA |
||
| 100 |
_aKamthane, Ashok N. _9126347 |
||
| 245 |
_aProgramming in C / _cBy Ashok N. Kamthane / |
||
| 250 | _a2nd ed. | ||
| 260 |
_aNew Delhi : _bDorling Kindersley , _c2012. |
||
| 300 |
_axiii,658p. _bPB _c23.4 cm. |
||
| 650 |
_aC Programming _9126348 |
||
| 942 |
_2ddc _cBK _e2nd _k005.133 KAMA |
||
| 999 |
_c191977 _d191977 |
||